LEADER 00884nam0-22003371i-450- 001 990003197340403321 010 $a90-279-7776-3 035 $a000319734 035 $aFED01000319734 035 $a(Aleph)000319734FED01 035 $a000319734 100 $a20000920d1978----km-y0itay50------ba 101 0 $aita 102 $aIT 200 1 $aSociety and History$eEssays in Honour of Karl August Wittfogel$fedited by G.L. Ulmen. 210 $aThe Hague$cMouton$d1978. 215 $a517 p.$d24 cm 676 $a19100 676 $a19210 676 $aD/4.2 676 $aF/1.3 702 1$aUlmen,$bG. L. 702 1$aWittfogel,$bKarl August$f<1896-1988> 801 0$aIT$bUNINA$gRICA$2UNIMARC 901 $aBK 912 $a990003197340403321 952 $a19100 ULM$b7858$fSES 959 $aSES 996 $aSociety and History$9453199 997 $aUNINA DB $aING01 LEADER 00771nam0-22002771i-450- 001 990001735630403321 005 20070529110226.0 035 $a000173563 035 $aFED01000173563 035 $a(Aleph)000173563FED01 035 $a000173563 100 $a20030910d1935----km-y0itay50------ba 101 0 $aita 200 1 $aIn difesa del molino artigiano$fCostanzo Sandreani 210 $aCitta di Castello$cTip. Leonardo da Vinci$d1935 215 $a180 p.$d24 cm 610 0 $aMolitura 676 $a664.72 700 1$aSandreani,$bCostanzo$075183 801 0$aIT$bUNINA$gRICA$2UNIMARC 901 $aBK 912 $a990001735630403321 952 $a60 664.77 B 1$b18759$fFAGBC 959 $aFAGBC 996 $aIn difesa del molino artigiano$9364917 997 $aUNINA